Amortizaciones de deudas y costos financieros en épocas de inflación /

Guardado en:
Autor Principal: Gianneschi, Mario Atilio.
Formato: Libro
Idioma:Spanish
Publicado: Buenos Aires : Ediciones Macchi, c1980.
Materias:
Etiquetas: Agregar Etiqueta
Sin Etiquetas, Sea el primero en etiquetar este registro!
LEADER 00785nam a22001695 4500
001 EAD.ead003705
008 080718s1980####ag############000#0#spa#d
005 20141002121058.0
245 1 0 |a Amortizaciones de deudas y costos financieros en épocas de inflación /  |c Mario Atilio Gianneschi. 
260 |a Buenos Aires :  |b Ediciones Macchi,  |c c1980. 
300 |a 37 p. ;  |c 23 cm. 
500 |a "Este trabajo fue expuesto por el autor en las XI Jornadas Argentinas de Informática e Investigación Operativa realizadas en la Bolsa de Comercio de Buenos Aires entre los días 1 y 3 de octubre de 1979"--p. 37. 
100 1 |a Gianneschi, Mario Atilio. 
082 0 4 |a 658.15  |2 21 
650 7 |a Finanzas.  |2 unbist 
650 7 |a Inflación.  |2 unbist 
859 |a AR-BaBDC  |b BIB. ADMINISTRACION - Libros  |h 658.15  |i G348  |p b01288